| 000 | 00598nam a2200181 a 4500 | ||
|---|---|---|---|
| 001 | 1290 | ||
| 003 | CDMR | ||
| 005 | 20130405121852.0 | ||
| 008 | 130130s1934||||||||||||||||||||||||||||d | ||
| 040 |
_aCDMR _bcat _cCDMR |
||
| 100 | 1 |
_aGirbal Jaume, Eduard _9131 |
|
| 245 | 1 | 0 |
_aFigures de la Renaixença _b: conferències [del cicle organitzat per l'Associació de Periodistes de Barcelona] _cEduard Girbal Jaume |
| 260 |
_aBarcelona _c1934 _bLlibreria Puig Alfonso |
||
| 300 |
_a83 p ; _c21 cm |
||
| 600 | 1 | 4 |
_aAgulló i Vidal, Ferran _c-- Periodista _91005 |
| 650 | 0 | 4 |
_91348 _aRenaixença |
| 942 |
_cMON _2udc |
||
| 999 |
_c1290 _d1290 |
||